000 00868nam a2200277Ia 4500
003 OSt
005 20220918171152.0
006 a|||||r|||| 00| 0
007 ta
008 220917b |||||||| |||| 00| 0 eng d
020 _a9781405153256 (pbk)
_c1477.73
024 _a236,509
037 _b3102, 12/11/2008, Bharat Scientific Syndicate
_cTextual
040 _aARTS
_cARTS
_beng
041 _2eng
_aeng
082 _aO13,1D30:g, 111P4;P7
100 _aPowell Barry B.
_918189
245 0 _aHomer
250 _a2nd
260 _aMalden
_bBlackwell Publishing USA
_c2007
300 _axv, 240p.
_ccm.
490 _aBlackwell introductions to the classical world
650 _aENGLISH LITERATURE
942 _hO13,1D30:g, 111P4;P7
_cTEXL
_2CC
999 _c138198
_d138198